[Event "Mechanics' Fall TNM; 30/90, SD/30"]
[Site "San Francisco"]
[Date "2014.11.04"]
[Round "3.22"]
[White "McKellar, Daniel"]
[Black "Lesquillier, Walter"]
[Result "1/2-1/2"]
[WhiteElo "1496"]
[BlackElo "1847"]
[PlyCount "32"]
[EventDate "2014.??.??"]

1. e4 Nc6 2. Nf3 g6 3. d4 Bg7 4. c4 d6 5. Be2 Nf6 6. Nc3 O-O 7. O-O Bg4 8. Be3
e6 9. Qd2 d5 10. cxd5 exd5 11. e5 Ne4 12. Qc2 Nxc3 13. bxc3 Ne7 14. Nh4 Be6 15.
Bd3 Qd7 16. f4 f6 1/2-1/2

[Event "Mechanics' SummerTNM; 30/90, SD/30"]
[Site "San Francisco"]
[Date "2014.07.01"]
[Round "6.29"]
[White "McKellar, Daniel"]
[Black "MacIntyre, Brendan"]
[Result "1-0"]
[WhiteElo "1529"]
[BlackElo "1723"]
[PlyCount "93"]
[EventDate "2014.??.??"]

1. e4 c5 2. Nf3 Nc6 3. d4 cxd4 4. Nxd4 d6 5. Nc3 g6 6. Be3 Bg7 7. Bc4 Nf6 8. f3
O-O 9. Qd2 a5 10. O-O-O Bd7 11. g4 Ne5 12. Be2 Rc8 13. Kb1 Nc4 14. Bxc4 Rxc4
15. h4 h5 16. g5 Ne8 17. f4 Nc7 18. e5 Bg4 19. Nde2 b5 20. Bb6 Qc8 21. exd6
Bxe2 22. dxe7 Bxd1 23. exf8=Q+ Qxf8 24. Rxd1 b4 25. Ne2 a4 26. Qd7 Ne6 27. Be3
b3 28. axb3 axb3 29. cxb3 Re4 30. Qd3 Qb4 31. Bd2 Qb7 32. b4 Bf8 33. Qf3 Rxb4
34. Qxb7 Rxb7 35. Bc3 Rc7 36. Be5 Rc4 37. b3 Re4 38. Rd2 Nc5 39. Kc2 Ne6 40.
Kd1 Re3 41. Nd4 Nc5 42. Nc2 Rxb3 43. Rd8 Ne6 44. Nd4 Rd3+ 45. Ke2 Nc5 46. Bd6
Rxd4 47. Rxf8+ 1-0

[Event "Mechanics' Fall TNM; 30/90, SD/30"]
[Site "San Francisco"]
[Date "2014.12.02"]
[Round "6.23"]
[White "McKellar, Daniel"]
[Black "Matz, James"]
[Result "1-0"]
[WhiteElo "1496"]
[BlackElo "1785"]
[PlyCount "93"]
[EventDate "2014.??.??"]

1. e4 e6 2. d4 d5 3. Nc3 Bb4 4. e5 c5 5. a3 Bxc3+ 6. bxc3 Ne7 7. Qg4 Ng6 8. Bd3
Nc6 9. h4 O-O 10. h5 Ngxe5 11. dxe5 Nxe5 12. Qg3 Qf6 13. Ne2 h6 14. Bf4 Nd7 15.
Bb5 e5 16. Bd2 Nb6 17. Qh4 Qxh4 18. Rxh4 a6 19. Ba4 c4 20. Be3 Nxa4 21. Rb1 b5
22. g4 f5 23. gxf5 Bxf5 24. Kd2 Rac8 25. Rg1 Rc6 26. f4 e4 27. Bd4 Rc7 28. Be5
Rd7 29. Nd4 Nc5 30. Rh2 Ne6 31. Nxe6 Bxe6 32. Rg6 Bf5 33. Rxa6 Re8 34. Rb6 Kh7
35. Rxb5 g5 36. hxg6+ Bxg6 37. a4 Re6 38. Ke3 Ra6 39. Rb8 Rg7 40. Bxg7 Kxg7 41.
Rb7+ Bf7 42. Rh5 Kg6 43. Re5 h5 44. f5+ Kf6 45. Ree7 Bg8 46. Rg7 d4+ 47. Kxe4
1-0

[Event "Mechanics' Whitehead TNM; 30/90, SD/30"]
[Site "San Francisco"]
[Date "2014.09.16"]
[Round "7.29"]
[White "McKellar, Daniel"]
[Black "Poler, Sebastian"]
[Result "0-1"]
[WhiteElo "1504"]
[BlackElo "1391"]
[PlyCount "70"]
[EventDate "2014.??.??"]

1. e4 c6 2. d4 d5 3. e5 Bf5 4. Nf3 e6 5. Be2 c5 6. c3 Nc6 7. O-O Nge7 8. Be3
Ng6 9. Qb3 Qb6 10. Qxb6 axb6 11. Na3 cxd4 12. Nb5 dxe3 13. Nc7+ Kd7 14. Nxa8
exf2+ 15. Kh1 Bc5 16. b4 Be3 17. Nd4 Bxd4 18. cxd4 Rxa8 19. Rxf2 Nxd4 20. Bh5
Nxe5 21. Re1 Nd3 22. Rxf5 Nxf5 23. Rf1 g6 24. Be2 Nxb4 25. Bb5+ Nc6 26. a4 Nd6
27. g4 f5 28. gxf5 exf5 29. Rd1 Nxb5 30. axb5 Nb4 31. Rd4 Ra1+ 32. Kg2 Rb1 33.
Kf3 g5 34. h3 Rb3+ 35. Kg2 Kd6 0-1

[Event "Mechanics' SummerTNM; 30/90, SD/30"]
[Site "San Francisco"]
[Date "2014.06.17"]
[Round "4.20"]
[White "McKellar, Daniel"]
[Black "Potharam, Eitetsu"]
[Result "0-1"]
[WhiteElo "1529"]
[BlackElo "1825"]
[Annotator "Donaldson"]
[PlyCount "38"]
[EventDate "2014.??.??"]

1. e4 c5 2. Nf3 d6 3. d4 cxd4 4. Nxd4 Nf6 5. Nc3 g6 6. Be3 Bg7 7. f3 O-O 8. Qd2
Nc6 9. O-O-O d5 10. exd5 Nxd5 11. Nxd5 $6 (11. Nxc6 bxc6 12. Bd4 (12. Nxd5 cxd5
13. Qxd5 Qc7 14. Qc5 Qxc5 (14... Qb7 15. Qa3 Bf5 16. Bd3 Rab8 17. b3 Rfc8 18.
Bxf5 gxf5 19. Rd3)) 12... e5 13. Bc5 Be6 14. Ne4) 11... Qxd5 12. Nb3 $2 (12.
Nxc6) (12. c4) 12... Qe5 13. c3 Rd8 14. Qxd8+ (14. Qf2 Rxd1+ 15. Kxd1 Be6) (14.
Bd3 Nb4 15. Bd4 $17 (15. cxb4 Rxd3)) 14... Nxd8 15. Rxd8+ Bf8 16. Bh6 {
Diagram #} Qe1+ 17. Kc2 Bf5+ 18. Bd3 Bxd3+ 19. Rxd3 Qxh1 0-1

[Event "Mechanics' SummerTNM; 30/90, SD/30"]
[Site "San Francisco"]
[Date "2014.07.08"]
[Round "7.26"]
[White "McKellar, Daniel"]
[Black "Rosenstein, Perry"]
[Result "0-1"]
[WhiteElo "1529"]
[BlackElo "1725"]
[PlyCount "48"]
[EventDate "2014.??.??"]

1. e4 c5 2. Nf3 d6 3. d4 cxd4 4. Nxd4 Nf6 5. Nc3 g6 6. Be3 Bg7 7. f3 O-O 8. Qd2
Nc6 9. O-O-O Bd7 10. Bc4 a6 11. g4 b5 12. Bb3 b4 13. Nd5 a5 14. Nxf6+ Bxf6 15.
g5 Bg7 16. h4 a4 17. Bd5 b3 18. c3 bxa2 19. Bxa2 a3 20. bxa3 Qa5 21. Bd5 Rfb8
22. Qd3 Ne5 23. Qf1 Qxc3+ 24. Nc2 Rxa3 0-1

[Event "Mechanics' Whitehead TNM; 30/90, SD/30"]
[Site "San Francisco"]
[Date "2014.08.12"]
[Round "2.24"]
[White "McKellar, Daniel"]
[Black "Sahin, Ozgur"]
[Result "0-1"]
[WhiteElo "1504"]
[BlackElo "1969"]
[Annotator "Winslow,Elliott C"]
[PlyCount "86"]
[EventDate "2014.??.??"]

1. e4 e6 2. d4 d5 3. e5 c5 4. c3 Qb6 5. Nf3 Nc6 6. Bd3 cxd4 7. cxd4 Bd7 8. O-O
Nxd4 9. Nxd4 Qxd4 10. Nc3 Qxe5 11. Re1 Qd6 12. Nb5 Bxb5 13. Bxb5+ Kd8 14. Qf3 {
This is played the most, and scores the *worst*, in the databases!} (14. Qh5) (
14. Bd2) (14. Be3) (14. g3) 14... Nf6 15. Bf4 Qb6 16. a4 Bc5 17. Be5 Ke7 18.
Rad1 Rhd8 19. Re2 Rac8 20. g4 Ne4 21. Bxg7 Bxf2+ 22. Rxf2 Qxf2+ 23. Qxf2 Nxf2
24. Kxf2 Rg8 25. Bd4 a6 26. Be2 Kd6 27. Kg3 e5 28. Bc3 f5 29. Kh4 fxg4 30. Bb4+
Ke6 31. Rg1 h5 32. Rf1 Rc2 33. Bd3 Rxh2+ 34. Kg3 Rh3+ 35. Kg2 Rxd3 36. Bc3 h4
37. Re1 d4 38. Bb4 b6 39. Rc1 a5 40. Rc6+ Kd5 41. Rd6+ Ke4 42. Be1 h3+ 43. Kg1
Rd1 0-1

[Event "Mechanics' Winter TNM; 30/90, SD/30"]
[Site "San Francisco"]
[Date "2014.01.07"]
[Round "1.16"]
[White "McKellar, Daniel"]
[Black "Shniaderman, Lazar"]
[Result "1/2-1/2"]
[WhiteElo "1343"]
[BlackElo "1901"]
[PlyCount "63"]
[EventDate "2014.??.??"]

1. e4 c5 2. c3 g6 3. d4 cxd4 4. cxd4 d5 5. exd5 Nf6 6. Nc3 Nxd5 7. Bc4 Nb6 8.
Bb3 Bg7 9. Nf3 O-O 10. O-O Nc6 11. Be3 Na5 12. h3 Nxb3 13. Qxb3 Be6 14. Qd1 Bd5
15. Nxd5 Nxd5 16. Qb3 Rb8 17. Rac1 e6 18. Bg5 Qd6 19. Rfe1 Qb4 20. Bd2 Qxb3 21.
axb3 Rfc8 22. Bc3 Rc7 23. Ba5 Rcc8 24. Bd2 Bf8 25. Be3 Bd6 26. Red1 Bf4 27.
Rxc8+ Rxc8 28. Bxf4 Nxf4 29. Rd2 f6 30. Kh2 Kf7 31. g3 Nd5 32. Ne1 1/2-1/2

[Event "Mechanics' Whitehead TNM; 30/90, SD/30"]
[Site "San Francisco"]
[Date "2014.09.30"]
[Round "9.24"]
[White "McKellar, Daniel"]
[Black "Standen, Julian"]
[Result "0-1"]
[WhiteElo "1504"]
[BlackElo "1665"]
[PlyCount "102"]
[EventDate "2014.??.??"]

1. e4 d5 2. exd5 Qxd5 3. Nc3 Qa5 4. d4 Bf5 5. Nf3 Nf6 6. Bc4 e6 7. O-O c6 8.
Bd2 Qc7 9. Ne5 Bd6 10. Re1 O-O 11. f4 Nbd7 12. Ne2 Rad8 13. Ng3 Bg6 14. c3 c5
15. Rc1 Qb6 16. Qb3 cxd4 17. Qxb6 Nxb6 18. cxd4 Nxc4 19. Rxc4 Nd5 20. Ne4 Bxe4
21. Rxe4 Rc8 22. b3 Nb6 23. Rxc8 Rxc8 24. Ba5 Nd5 25. g3 Rc2 26. Nc4 Be7 27.
Ne3 Nxe3 28. Rxe3 Rc1+ 29. Re1 Rxe1+ 30. Bxe1 Kf8 31. Kf2 Ke8 32. Ke3 Kd7 33.
Kd3 Kc6 34. g4 Kd5 35. a4 g6 36. h3 Ba3 37. Bd2 Bd6 38. g5 a6 39. h4 b5 40.
axb5 axb5 41. Ke3 Bf8 42. Ba5 Bg7 43. Bd8 Bxd4+ 44. Kd3 Bg7 45. Bf6 Bxf6 46.
gxf6 h6 47. Ke3 e5 48. Kf3 Kd4 49. Kg4 e4 50. f5 gxf5+ 51. Kxf5 e3 0-1

[Event "Mechanics' SummerTNM; 30/90, SD/30"]
[Site "San Francisco"]
[Date "2014.06.03"]
[Round "2.30"]
[White "McKellar, Daniel"]
[Black "Yamamoto, Craig"]
[Result "1/2-1/2"]
[WhiteElo "1529"]
[BlackElo "1577"]
[Annotator "Donaldson"]
[PlyCount "100"]
[EventDate "2014.??.??"]

1. e4 c5 2. Nf3 d6 3. d4 cxd4 4. Nxd4 Nf6 5. Nc3 a6 6. Be3 b5 7. f3 (7. Nd5
Nxd5 (7... Nxe4 8. Nxb5 axb5 9. Bb6 Qd7 10. Bxb5) 8. exd5 $16) (7. a4 b4 8. Nd5
$16) 7... Bb7 8. Qd2 e6 9. O-O-O Be7 10. g4 Qa5 (10... Nc6 {and}) (10... Nfd7 {
are more common.}) 11. Nb3 (11. Kb1 b4 12. Nb3 Qc7 13. Na4 Nbd7 14. g5 Nh5 15.
Qxb4) 11... Qc7 12. h4 Nc6 13. g5 Nh5 14. Bg2 Na5 15. Nxa5 Qxa5 16. Kb1 Rc8 17.
Ne2 b4 18. f4 g6 19. Qd4 (19. a3) 19... Rg8 20. Bf3 Ng7 21. Bd2 Qc7 22. Qxb4 d5
23. Qb3 dxe4 24. Bg2 Bd5 25. Qc3 (25. Qa4+ Bc6 26. Qxa6 Nf5 27. Rh3 Bb7 28.
Qa4+ Bc6 29. Qa5) 25... Qb7 26. Qd4 Nf5 27. Qa4+ Bc6 28. Bxe4 Bxa4 29. Bxb7
Bxc2+ 30. Ka1 Bxd1 31. Rxd1 Rd8 32. Nc3 Rd6 33. Ne4 Rb6 34. Bc8 Nd6 35. Nxd6+
Rxd6 36. Bb7 Kd7 37. Kb1 Rd8 38. Kc2 Ke8 39. Bf3 Rc8+ 40. Kb1 Rd4 41. Be2 Rc6
42. a3 Bd6 43. Bf3 Rb6 44. Be3 Rxd1+ 45. Bxd1 Rc6 $4 (45... Rb8) 46. Ba4 Kd7
47. Bxc6+ Kxc6 48. Kc2 e5 (48... Kd5 $1 49. a4 (49. Kd3 $2 e5 $1 50. fxe5 Bxe5
$19)) 49. fxe5 Bxe5 50. Bf2 Kd5 1/2-1/2

[Event "Mechanics' Fall TNM; 30/90, SD/30"]
[Site "?"]
[Date "2014.12.16"]
[Round "8"]
[White "Melchor, Malvar"]
[Black "Lin, Aung Tin"]
[Result "0-1"]
[WhiteElo "1498"]
[BlackElo "1689"]
[PlyCount "70"]
[EventDate "2014.??.??"]

1. Nf3 f5 2. d4 Nf6 3. c4 e6 4. Nc3 Bb4 5. a3 Bxc3+ 6. bxc3 O-O 7. Qb3 b6 8. g3
Bb7 9. Bg2 d6 10. a4 Nbd7 11. Ba3 Ne4 12. a5 Kh8 13. c5 Rc8 14. Rd1 Qf6 15. Bb4
b5 16. Qa3 Rfe8 17. Nd2 Nexc5 18. Bxb7 Nxb7 19. a6 Nd8 20. O-O Nb6 21. f4 $2
Nc6 22. e4 fxe4 23. Nxe4 Qg6 24. Nf2 Nc4 25. Qc1 Ne7 26. Rd3 Nd5 27. Re1 c5 28.
dxc5 dxc5 29. Rxd5 exd5 30. Rxe8+ Qxe8 31. Ba3 Qe2 32. Qa1 Rc6 33. Bc1 Re6 34.
f5 Qe1+ 35. Kg2 Re2 0-1

[Event "Mechanics' Spring TNM; 30/90, SD/30"]
[Site "San Francisco"]
[Date "2014.04.29"]
[Round "7.17"]
[White "Morgan, Jerry"]
[Black "Bekhtur, Bayaraa"]
[Result "0-1"]
[WhiteElo "1568"]
[BlackElo "1878"]
[PlyCount "126"]
[EventDate "2014.??.??"]

1. f4 c5 2. Nf3 d5 3. e3 Nc6 4. Bb5 Bd7 5. b3 a6 6. Bxc6 Bxc6 7. Bb2 h6 8. O-O
Nf6 9. Ne5 e6 10. d3 (10. Nxc6 bxc6 11. c4 Bd6 12. Nc3 O-O 13. Na4 Qe7 14. Rc1)
10... Be7 11. Nd2 (11. Nxc6) 11... O-O 12. Ndf3 Rc8 13. Nxc6 (13. Qe2) (13. c4)
13... Rxc6 14. Ne5 Rc8 15. Qe1 (15. Rf3 d4) 15... Nh7 16. Qg3 Bf6 17. e4 d4 18.
Bc1 Qa5 $2 19. Nc4 (19. Nd7 $1 Rfd8 20. Nxf6+ Nxf6 21. f5 $1 exf5 $2 22. Bxh6)
19... Qc7 20. e5 Be7 21. f5 $1 Kh8 22. Bd2 Rcd8 $2 23. Ba5 Qc6 24. Bxd8 Rxd8
25. a4 b5 26. axb5 axb5 27. Nd2 Bg5 28. Ne4 Be3+ 29. Kh1 Ng5 30. f6 (30. Nd6
Rd7 31. h4 Nh7 32. Qf3) 30... g6 31. Nxg5 (31. Nd6 Rd7 32. h4 Nh7 33. Qf3)
31... Bxg5 32. Ra7 Kg8 33. Rfa1 c4 34. bxc4 bxc4 35. R1a6 Qb5 36. Qe1 Bh4 37.
Qd1 $2 (37. g3 $18 Qd5+ 38. Qe4) 37... Qxe5 38. Ra5 Qxf6 39. Rb5 Rd5 40. dxc4
Re5 41. Rxe5 Qxe5 42. Qf1 Bf6 43. Ra8+ Kg7 44. Rc8 Be7 45. h3 Bd6 46. Qg1 f5
47. Rd8 Kf6 48. Rd7 h5 49. g3 $6 Qc5 50. Qg2 Bxg3 51. Qxg3 $2 (51. Qa8 Bb8 52.
Rd8) 51... Qc6+ 52. Kg1 Qxd7 53. c5 e5 54. h4 Qb5 55. Qg5+ Kf7 56. Qh6 Qb1+ 57.
Kf2 Qxc2+ 58. Kf3 e4+ 59. Kg3 Qd3+ 60. Kg2 Qf3+ 61. Kg1 Qe3+ 62. Qxe3 dxe3 63.
Kf1 Ke6 0-1

[Event "Mechanics' Fall TNM; 30/90, SD/30"]
[Site "San Francisco"]
[Date "2014.11.18"]
[Round "4.37"]
[White "Morgan, Jerry"]
[Black "Borgo, Seth"]
[Result "0-1"]
[WhiteElo "1561"]
[BlackElo "1150"]
[Annotator "Donaldson"]
[PlyCount "94"]
[EventDate "2014.??.??"]

1. f4 d5 2. Nf3 Nf6 3. e3 a6 4. Be2 Nc6 5. d3 Qd6 6. O-O e5 7. fxe5 Nxe5 8.
Nxe5 Qxe5 9. Qe1 Bd6 10. Qh4 h6 11. Qf4 Qe6 12. Qf2 Bd7 13. Nd2 O-O-O 14. Nf3
Ng4 15. Qh4 Nxe3 16. Nd4 Qe5 17. Nf3 Qe8 18. Bxe3 Qxe3+ 19. Qf2 Rde8 20. Rae1
Qxf2+ 21. Kxf2 Re7 22. h3 Rhe8 23. d4 Bb5 24. Bxb5 axb5 25. c3 Rxe1 26. Rxe1
Rxe1 27. Nxe1 Kd7 28. Kf3 Ke6 29. Kg4 g6 30. Nd3 Kf6 31. Nf4 h5+ 32. Kf3 Bxf4
33. Kxf4 g5+ 34. Ke3 Kf5 35. Kf3 h4 36. a3 b6 37. g4+ hxg3 38. Kxg3 Kg6 39. Kg4
f5+ 40. Kf3 Kh5 41. Kg3 f4+ 42. Kf3 Kh4 43. Kg2 f3+ 44. Kxf3 Kxh3 45. Kf2 c6
46. b4 g4 47. Kg1 Kg3 0-1

[Event "Mechanics' Fall TNM; 30/90, SD/30"]
[Site "San Francisco"]
[Date "2014.10.28"]
[Round "2.35"]
[White "Morgan, Jerry"]
[Black "Frank, Robert"]
[Result "1-0"]
[WhiteElo "1561"]
[BlackElo "1286"]
[Annotator "Donaldson"]
[PlyCount "71"]
[EventDate "2014.??.??"]

1. f4 d5 2. Nf3 Nf6 3. e3 g6 4. b4 Bg7 5. Bb2 O-O 6. Be2 c6 7. O-O a5 8. b5 (8.
a3) 8... Qb6 9. a4 Ne4 10. Bxg7 Kxg7 11. Na3 Nd7 12. c4 e6 13. Qc2 c5 14. Bd3 (
14. d3 Nef6 15. Qb2 Kg8) (14. Rac1) 14... f5 (14... Nef6) 15. Qb2+ Kf7 (15...
Kg8) 16. Ng5+ (16. g4) 16... Nxg5 17. fxg5 Qd8 18. h4 b6 (18... Kg8) 19. cxd5
exd5 20. g4 (20. e4 $1) 20... Qc7 21. Rf4 Ne5 22. Be2 Ke8 $2 (22... Kg8) 23.
gxf5 (23. Raf1 $1) 23... Bxf5 24. Raf1 Qg7 $2 (24... Rc8) 25. d4 $1 Nd7 26. Nc2
(26. Bf3 Be6 27. Rxf8+ Nxf8 28. Nc4 $1) 26... c4 27. Bf3 Be6 28. Rxf8+ Nxf8 29.
Qa3 (29. e4) 29... Kd7 30. Bg2 (30. e4 dxe4 31. Bxe4 Rc8 32. Rf6) 30... Bf5 31.
Qc1 (31. Bxd5 Bxc2 32. Bxa8) 31... Be6 32. e4 $1 Qg8 33. Qf4 Rc8 34. Qe5 $1 $18
Ke7 (34... dxe4 35. Ne3) 35. exd5 Nd7 36. Qe4 1-0

[Event "Mechanics' SummerTNM; 30/90, SD/30"]
[Site "San Francisco"]
[Date "2014.07.08"]
[Round "7.28"]
[White "Morgan, Jerry"]
[Black "Hood, Bryan"]
[Result "1-0"]
[WhiteElo "1598"]
[BlackElo "1092"]
[PlyCount "95"]
[EventDate "2014.??.??"]

1. f4 d5 2. Nf3 Nf6 3. d3 e6 4. e3 Bc5 5. Be2 Ng4 6. d4 Bb6 7. O-O O-O 8. Qe1
c5 9. c3 Nc6 10. Kh1 Re8 11. Ne5 Nxe3 12. Bxe3 cxd4 13. Nxc6 bxc6 14. Bxd4 c5
15. Bf2 Bb7 16. Bb5 Rf8 17. Qe5 Bc7 18. Qg5 Qd6 19. Bg3 Qb6 20. a4 c4 21. Bf2
Qd6 22. Bd4 f6 23. Qg4 a6 24. Na3 axb5 25. Nxb5 Qd7 26. Nxc7 Qxc7 27. Qxe6+ Kh8
28. Qb6 Qxb6 29. Bxb6 Rfe8 30. Kg1 Re2 31. Rf2 Rae8 32. Kf1 R2e6 33. a5 f5 34.
Bd4 Re4 35. Be5 Ba6 36. Re2 Kg8 37. Rae1 Rxe2 38. Rxe2 Kf7 39. Bd4 Rb8 40. Ke1
Rb3 41. Bb6 h6 42. Kd1 g5 43. g3 g4 44. Kc2 h5 45. Re5 Kf6 46. Bd8+ Kg7 47.
Rxf5 Bc8 48. Rxd5 1-0

[Event "Mechanics' Winter TNM; 30/90, SD/30"]
[Site "San Francisco"]
[Date "2014.01.21"]
[Round "3.26"]
[White "Morgan, Jerry"]
[Black "McKellar, Daniel"]
[Result "1-0"]
[WhiteElo "1568"]
[BlackElo "1343"]
[PlyCount "98"]
[EventDate "2014.??.??"]

1. f4 d5 2. Nf3 c5 3. e3 Nf6 4. d3 Nc6 5. Be2 g6 6. O-O Bg7 7. Nc3 b6 8. e4
dxe4 9. dxe4 O-O 10. e5 Nd7 11. Be3 Bb7 12. Ng5 e6 13. Nb5 Qe7 14. Nd6 Nd8 15.
Bf3 Rb8 16. c3 f6 17. exf6 Nxf6 18. Qd3 Nd5 19. Nxb7 Nxe3 20. Qxe3 Nxb7 21.
Qxe6+ Qxe6 22. Nxe6 Rf6 23. Bd5 Kh8 24. Rad1 Nd6 25. g4 h5 26. g5 Rf7 27. Nxc5
bxc5 28. Bxf7 Nxf7 29. Rf2 Nd8 30. Rd7 Nb7 31. Re2 Bf8 32. Kf2 c4 33. Kf3 a5
34. Rf7 Kg8 35. Rf6 Kh7 36. Ree6 Nc5 37. Rb6 Rxb6 38. Rxb6 Kg7 39. Ke3 Kf7 40.
Rf6+ Kg7 41. f5 gxf5 42. Rxf5 Be7 43. h4 Kg6 44. Rd5 Na4 45. Rb5 Bd8 46. Kd4
Nb6 47. Kc5 Bxg5 48. hxg5 Kxg5 49. Kxb6+ Kg4 1-0

[Event "Mechanics' Spring TNM; 30/90, SD/30"]
[Site "San Francisco"]
[Date "2014.04.08"]
[Round "4.20"]
[White "Morgan, Jerry"]
[Black "Newey, Richard"]
[Result "1-0"]
[WhiteElo "1568"]
[BlackElo "1807"]
[Annotator "Donaldson"]
[PlyCount "109"]
[EventDate "2014.??.??"]

1. f4 Nf6 2. Nf3 c5 3. d3 d5 4. e3 g6 5. Be2 Bg7 6. O-O Qb6 (6... O-O) 7. Nc3
Bd7 (7... d4) 8. e4 c4+ 9. Kh1 cxd3 10. cxd3 dxe4 11. dxe4 Bc6 12. e5 Ng4 13.
Qd4 (13. Nd4 $1 Nh6 14. Be3) 13... Nd7 14. h3 Nh6 15. Bd3 Bxf3 (15... O-O) 16.
Qxb6 Bxg2+ 17. Kxg2 Nxb6 18. Bb5+ Kf8 19. Bd3 (19. Be3) 19... Nf5 20. Bxf5 gxf5
21. Kf3 Rd8 22. Ke2 a6 23. b3 e6 24. Be3 Nd5 25. Nxd5 exd5 26. Bc5+ Ke8 27.
Rfd1 Bf8 28. Rac1 (28. Bb6 Rd7 29. Rac1) 28... Bxc5 29. Rxc5 Rg8 30. Kf2 d4 31.
Rc7 b5 32. Rc2 Rg6 33. Rcd2 Rc6 34. Kg3 Rc3+ 35. Kh4 d3 36. Kg5 Ke7 37. Kxf5
Rd4 38. h4 a5 39. Kg5 Ke6 40. Rf1 Rc2 41. Rff2 Rc1 (41... Rxd2 42. Rxd2 h5 $1
$19 43. Kxh5 Kf5) 42. Rf3 Rc3 43. h5 b4 44. Re3 Rc2 $2 (44... h6+ 45. Kg4 $11 (
45. Kxh6 Kf5)) 45. f5+ Kd5 46. Rdxd3 Rxd3 47. Rxd3+ Kxe5 48. Re3+ Kd6 49. Kf6
Rh2 50. Rd3+ Kc6 51. Kxf7 Rxh5 52. f6 Rh2 53. Rg3 h5 54. Kg7 h4 55. Rg6 1-0

[Event "Mechanics' SummerTNM; 30/90, SD/30"]
[Site "San Francisco"]
[Date "2014.06.17"]
[Round "4.28"]
[White "Morgan, Jerry"]
[Black "Poblete, Tyrone"]
[Result "1-0"]
[WhiteElo "1598"]
[BlackElo "1293"]
[PlyCount "91"]
[EventDate "2014.??.??"]

1. f4 d5 2. Nf3 Nc6 3. e3 Nf6 4. Bb5 Bd7 5. b3 a6 6. Bxc6 bxc6 7. Bb2 Bg4 8. d3
c5 9. O-O e6 10. Nbd2 Bd6 11. Qe1 d4 12. Ne5 Bxe5 13. fxe5 Nd5 14. exd4 Nb4 15.
Qf2 O-O 16. Ne4 Bf5 17. Nxc5 Nd5 18. Qg3 Nb4 19. Rf2 Nd5 20. Raf1 Ne7 21. Ne4
Bxe4 22. dxe4 Nc6 23. c3 Ne7 24. Bc1 c6 25. Bh6 Ng6 26. Bg5 Qd7 27. Qf3 Ra7 28.
Bc1 Qe7 29. Qh5 h6 30. Qe2 Qd8 31. Ba3 Re8 32. Bc5 Rb7 33. Qxa6 Qa8 34. Qxc6
Rc8 35. Qa4 f6 36. exf6 Rf7 37. e5 Qe4 38. Qa6 Ra8 39. Qe2 Qh4 40. Qf3 Qg5 41.
Qxa8+ Kh7 42. a4 h5 43. Qe8 Nh4 44. Qxf7 Nf3+ 45. Kh1 Nxh2 46. fxg7 1-0

[Event "Mechanics' Winter TNM; 30/90, SD/30"]
[Site "San Francisco"]
[Date "2014.02.18"]
[Round "7.28"]
[White "Morgan, Jerry"]
[Black "Reyes, Robert"]
[Result "1-0"]
[WhiteElo "1568"]
[BlackElo "1318"]
[PlyCount "68"]
[EventDate "2014.??.??"]

1. f4 d5 2. Nf3 Nc6 3. e3 Nf6 4. Bb5 Bd7 5. O-O e6 6. b3 a6 $6 (6... Be7 7. Bb2
O-O 8. Bxc6 Bxc6 9. Ne5 Be8 10. d3 Nd7) 7. Bxc6 Bxc6 8. Bb2 Bc5 9. Qe1 Qe7 10.
Ne5 O-O-O (10... Bd7) 11. Nxc6 bxc6 12. Qe2 Kb7 13. Kh1 d4 14. e4 e5 15. d3
exf4 16. Rxf4 Nd5 17. Rf3 f6 18. Nd2 Nb6 19. Nc4 (19. b4 $1 Bxb4 20. Nb3 Bc3 $2
21. Bxc3 dxc3 22. Na5+) 19... Rhf8 $4 (19... Nxc4 20. bxc4 Ka7 $14) 20. Na5+
Ka8 21. Nxc6 Qd6 22. Nxd8 Qxd8 23. Qd2 Qe7 24. a3 Kb7 25. b4 Bd6 26. Bxd4 Rd8
27. Rf5 Bxb4 28. Bxf6 Bxd2 29. Bxe7 Rd7 30. Bh4 Bh6 31. a4 g6 32. Rf3 c6 33. a5
Nc8 34. e5 Kc7 1-0

[Event "Mechanics' Fall TNM; 30/90, SD/30"]
[Site "San Francisco"]
[Date "2014.12.02"]
[Round "6.39"]
[White "Morgan, Jerry"]
[Black "Rhizor, Jared"]
[Result "1-0"]
[WhiteElo "1561"]
[BlackElo "1319"]
[PlyCount "109"]
[EventDate "2014.??.??"]

1. f4 e6 2. Nf3 Ne7 3. e4 g6 4. Bb5 a6 5. Ba4 b5 6. Bb3 Bb7 7. d3 Bg7 8. O-O
O-O 9. c3 a5 10. Be3 b4 11. Bd4 f5 12. Bxg7 Kxg7 13. e5 a4 14. Bxa4 Nd5 15.
Bxd7 Nxd7 16. Qd2 Qe7 17. c4 Qc5+ 18. Rf2 b3 19. cxd5 bxa2 20. Nc3 exd5 21. d4
Qb4 22. Ng5 Rfe8 23. Rxa2 h6 24. Nf3 c5 25. Rxa8 Rxa8 26. e6 Nf6 27. dxc5 Ra1+
28. Rf1 Qxc5+ 29. Qd4 Rxf1+ 30. Kxf1 Ba6+ 31. Ke1 Qxd4 32. Nxd4 Bb7 33. Ke2 Ne4
34. Ndb5 Ba6 35. Ke3 Bxb5 36. Nxb5 Kf6 37. Nd4 Ke7 38. b4 Kd6 39. h3 g5 40. g4
fxg4 41. hxg4 Nf6 42. Kf3 gxf4 43. Kxf4 h5 44. gxh5 Nxh5+ 45. Kf5 Ng7+ 46. Kf6
Ne8+ 47. Kf7 Nc7 48. e7 Kd7 49. b5 Ne8 50. b6 Nd6+ 51. Kf8 Ne8 52. b7 Nc7 53.
b8=Q Ne6+ 54. Nxe6 Kxe6 55. e8=Q+ 1-0

[Event "Mechanics' SummerTNM; 30/90, SD/30"]
[Site "San Francisco"]
[Date "2014.07.01"]
[Round "6.23"]
[White "Morgan, Jerry"]
[Black "Ross, David"]
[Result "0-1"]
[WhiteElo "1598"]
[BlackElo "1348"]
[PlyCount "50"]
[EventDate "2014.??.??"]

1. f4 Nf6 2. Nf3 g6 3. c3 Bg7 4. d3 d5 5. Qc2 Nbd7 6. e4 dxe4 7. dxe4 O-O 8.
Bc4 Nb6 9. Bb3 c6 10. Be3 Qc7 11. Ne5 e6 12. Nd2 Nbd7 13. Ndf3 Nxe5 14. Nxe5
Nh5 15. Nd3 b6 16. g4 Nf6 17. Ne5 Rd8 18. Bd2 Bb7 19. Bc4 c5 20. Bd3 Rd6 21.
Nc4 {Diagram #} Rxd3 22. Qxd3 Bxe4 23. Qd6 Qxd6 24. Nxd6 Bxh1 25. O-O-O Bf3 0-1

[Event "Mechanics' Winter TNM; 30/90, SD/30"]
[Site "San Francisco"]
[Date "2014.01.07"]
[Round "1.31"]
[White "Morgan, Jerry"]
[Black "Tsodikova, Natalya"]
[Result "0-1"]
[WhiteElo "1568"]
[BlackElo "2226"]
[PlyCount "54"]
[EventDate "2014.??.??"]

1. f4 Nf6 2. Nf3 d5 3. e3 c5 4. d3 Nc6 5. Be2 e6 6. O-O Be7 7. Nc3 d4 8. Ne4
Nd5 9. exd4 Nxd4 10. Nxd4 cxd4 11. Bh5 O-O 12. a3 Qc7 13. Qe2 Bd7 14. Qf2 Rac8
15. Bd1 f5 16. Nd2 Ne3 17. Nc4 Nxf1 18. Kxf1 Bf6 19. Qe1 b5 20. Ne5 Bxe5 21.
fxe5 f4 22. Kg1 Bc6 23. Bd2 f3 24. Qg3 fxg2 25. Bg4 Qf7 26. h4 Qf1+ 27. Rxf1
gxf1=Q+ 0-1

[Event "Mechanics' Spring TNM; 30/90, SD/30"]
[Site "San Francisco"]
[Date "2014.03.18"]
[Round "1.3"]
[White "Morgan, Jerry"]
[Black "Winslow, Elliott"]
[Result "0-1"]
[WhiteElo "1568"]
[BlackElo "2250"]
[PlyCount "30"]
[EventDate "2014.??.??"]

1. f4 g6 2. Nf3 Bg7 3. c3 Nf6 4. d3 d5 5. Qc2 O-O 6. e4 dxe4 7. dxe4 Nc6 8. Bc4
e5 9. f5 gxf5 10. exf5 e4 11. Ng5 Ne5 12. Bb3 Nd3+ 13. Ke2 Bxf5 14. Nxf7 Rxf7
15. Rf1 Bg4+ 0-1

[Event "Mechanics' Winter TNM; 30/90, SD/30"]
[Site "San Francisco"]
[Date "2014.02.04"]
[Round "5.10"]
[White "Morton, Adam"]
[Black "Delaney, Willl"]
[Result "1-0"]
[WhiteElo "2033"]
[BlackElo "1800"]
[PlyCount "69"]
[EventDate "2014.??.??"]

1. d4 Nf6 2. c4 g6 3. Nc3 Bg7 4. e4 d6 5. f3 Nc6 6. Nge2 e5 7. Bg5 h6 8. Be3 a6
9. d5 Ne7 10. Qd2 Bd7 11. Nc1 Nfg8 12. Nd3 f5 13. O-O-O Nf6 14. h3 f4 15. Bf2
g5 16. Be2 Qb8 17. c5 Kf7 18. Kb1 Rd8 19. Rc1 Be8 20. Rc2 Kg8 21. cxd6 cxd6 22.
Bb6 Rc8 23. Rhc1 Nd7 24. Na4 Bf8 25. Qb4 a5 26. Qb3 Ra6 27. Nf2 Nxb6 28. Nxb6
Rxc2 29. Rxc2 Qa7 30. Bxa6 Qxa6 31. a4 Qf1+ 32. Ka2 Qa6 33. Nc4 Kg7 34. Qb6
Qxb6 35. Nxb6 1-0